000
00294nam a2200133Ia 4500
100
_a
Barnes/ Ralph.M
942
_c
BK
654
_a
Motion & Time study.
245
_a
Motion & Time study.
260
_b
WILEY EASTERN LIMITED
_c
2001
082
_a
658.3024
300
_a
799
546
_a
ENGLISH
999
_c
18061
_d
18061